Cenové rozhodovanie vo vzdelávacích inštitúciách
Plnenenie základných úloh v oblasti výchovy a vzdelávania. Segmentácia na trhu vzdelávania a vytvorenie trhovej pozície. Vypracovanie účinného a efektívneho marketingového mixu. Akreditované študijné programy a ich zameranie. Stanovenie výšky školného a moderný marketingový plán školy.
Salvato in:
| Autore principale: | |
|---|---|
| Natura: | Capitolo di libro |
| Lingua: | slovacco |
| Soggetti: | |
| Tags: |
Nessun Tag, puoi essere il primo ad aggiungerne!!
|
MARC
| LEADER | 00000naa$a2200000$$$4500 | ||
|---|---|---|---|
| 001 | 0105445 | ||
| 005 | 20240502072150.9 | ||
| 041 | 0 | |a slo | |
| 044 | |a SK | ||
| 245 | 1 | 0 | |a Cenové rozhodovanie vo vzdelávacích inštitúciách |c Júlia Lipianska |
| 520 | |a Plnenenie základných úloh v oblasti výchovy a vzdelávania. Segmentácia na trhu vzdelávania a vytvorenie trhovej pozície. Vypracovanie účinného a efektívneho marketingového mixu. Akreditované študijné programy a ich zameranie. Stanovenie výšky školného a moderný marketingový plán školy. | ||
| 610 | 2 | 0 | |a vzdelávanie |
| 610 | 2 | 0 | |a programy študijné |
| 610 | 2 | 0 | |a marketing |
| 610 | 2 | 0 | |a školy |
| 610 | 2 | 0 | |a segmentácia trhu |
| 610 | 2 | 0 | |a kvalita |
| 610 | 2 | 0 | |a ceny |
| 100 | 1 | |a Lipianska, Júlia | |